Journal of applied econometrics. (Record no. 19020)

000 -LEADER
fixed length control field 00690nas a2200205 a 4500
022 0# - INTERNATIONAL STANDARD SERIAL NUMBER
ISSN 0883-7252
040 ## - CATALOGING SOURCE
Transcribing agency NSDP
082 00 - DEWEY DECIMAL CLASSIFICATION NUMBER
Classification number 330 WIL 1986 C158 Or.
245 10 - TITLE STATEMENT
Title Journal of applied econometrics.
246 1# - VARYING FORM OF TITLE
Title proper/short title Special issue; the econometrics of social insurance.
246 30 - VARYING FORM OF TITLE
Title proper/short title Applied econometrics.
260 ## - PUBLICATION, DISTRIBUTION, ETC. (IMPRINT)
Place of publication Chichester ;
-- New York :
Name of publisher Wiley,
Year of publication c1986-
300 ## - PHYSICAL DESCRIPTION
Number of Pages v. :
Other physical details ill. ;
Dimensions 26 cm.
500 ## - GENERAL NOTE
General note Title from cover.
500 ## - GENERAL NOTE
General note Latest issue consulted: Vol. 21, no. 2 (March 2006)
650 #0 - SUBJECT ADDED ENTRY--TOPICAL TERM
Topical Term Econometrics
710 2# - ADDED ENTRY--CORPORATE NAME
Corporate name or jurisdiction name as entry element JSTOR (Organization)
856 40 - ELECTRONIC LOCATION AND ACCESS
Uniform Resource Identifier http://TK3YL7ST4M.search.serialssolutions.com/?V=1.0&L=TK3YL7ST4M&S=JCs&C=JOUROFAPPEC&T=marc
942 ## - ADDED ENTRY ELEMENTS (KOHA)
Koha item type ADB
952 ## - LOCATION AND ITEM INFORMATION (KOHA)
Withdrawn status [LOCAL, KOHA] 0
Holdings
Koha item type Source of acquisition Lost status Permanent Location Current Location Date acquired Full call number
សៀវភៅភាសាអង់គ្លេសA38033 Library Block CLibrary Block C2020-02-28330 WIL 1986 C158 Or.
មជ្ឈមណ្ឌលឯការនៃសាកលវិទ្យាល័យភូមិន្ទកសិកម្មចំការដូង

Powered by Koha